000 00709nam a22002292a 4500
001 20013
003 BD-RjUL
005 20211209000517.0
008 140226s19091951nyu 000 1 eng d
035 _aOCLC ocm01296532 from D950608M
_a(BD-RjUL) 20074
040 _aORL
_dOCL
_dBD-RjUL
_beng
_cBD-RjUL
041 _aeng
082 _a843.76
_bDUC 1951
100 1 _aDumas, Alexandre,
_d1802-1870.
_916135
245 1 4 _aThe Count of Monte Cristo /
_pV-1
260 _aNew York :
_bJ.M.Dent and Sons,
_c1909 [Reprinted 1951].
300 _axvi, 557 p. ;
_c18 cm
650 _aHistorical fiction
_961541
650 _aFrance History 19th century Fiction
_961542
942 _2ddc
_cBK
999 _c20013
_d20013